| 000 | 00000nam 2200000zi 4500 |
| 001 | 9.917609 |
| 003 | CaOODSP |
| 005 | 20230404095033 |
| 006 | m o d f |
| 007 | cr cn||||||||| |
| 008 | 221123t20232023onca ob f000 0 eng d |
| 020 | |a9780660463803 |
| 040 | |aCaOODSP|beng|erda|cCaOODSP |
| 043 | |an-cn--- |
| 086 | 1 |aFs23-699/2023E-PDF |
| 245 | 00|aFramework to identify fish habitat restoration priorities. |
| 264 | 1|aOttawa, Ontario : |bFisheries and Oceans Canada = Pêches et océans Canada,|c[2023] |
| 264 | 4|c©2023 |
| 300 | |a1 online resource (iii, 12 pages) : |billustrations (chiefly colour) |
| 336 | |atext|btxt|2rdacontent |
| 337 | |acomputer|bc|2rdamedia |
| 338 | |aonline resource|bcr|2rdacarrier |
| 500 | |aIssued also in French under title: Cadre pour identifier les priorités de restauration de l'habitat du poisson. |
| 500 | |a"Issue number: 22-2225." |
| 504 | |aIncludes bibliographical references. |
| 650 | 0|aFishes|xHabitat|xConservation|zCanada. |
| 710 | 1 |aCanada. |bDepartment of Fisheries and Oceans, |eissuing body. |
| 775 | 08|tCadre pour identifier les priorités de restauration de l'habitat du poisson.|w(CaOODSP)9.917612 |
| 856 | 40|qPDF|s1.23 MB|uhttps://publications.gc.ca/collections/collection_2023/mpo-dfo/Fs23-699-2023-eng.pdf |